00805nam a2200253 a 4500001001300000003000900013005001700022008004100039020002300080082001800103100001900121245007600140260004400216300001000260500003500270505001200305650003000317700001800347700002100365902000800386942000700394952013300401999001700534nice12345678IN_TiNIC20260116015413.0131206s2002 amsa grp 000 0 eng  a9789042014602c30000a291.172bGOR1 aGort, D Jerald aReligion, Conflict and Reconciliationb Multifaith Ideals and Realities aAmsterdam, Newyork bRodopi B.V. c2002 a405p  aincludes index and biblioraphy2 aIndices aReconciliation-Interfaith1 aHenry, Jansen1 aHendrik, M Vroom bSRS cBK 001040708StackRoom-aHMIbHMId2013-12-06g300.00l2o291.172 GOR1p11002586r2023-07-26s2023-07-25v300.00w2013-12-06yBK c19562d19562